WWE Money in the Bank Ladder Match Participant History - Statistics

General Stats
  • This quiz has been taken 32 times
  • The average score is 176 of 249
Answer Stats
Match Winner Wrestler % Correct
2007 (WrestleMania 23) | 2008 (WrestleMania XXIV) | 2009 (WrestleMania 25) | 2013 (WWE Championship) CM Punk
100%
2017 (WWE SmackDown Women's Championship Redux) | 2017 (WWE SmackDown Women's Championship) | 2018 (Women's) | +2 others Becky Lynch
96%
2021 (Men's) Winner Big E
96%
2017 (WWE SmackDown Women's Championship Redux) | 2017 (WWE SmackDown Women's Championship) | 2018 (Women's) Charlotte Flair
96%
2012 (WWE Championship) Winner John Cena
96%
2005 (WrestleMania 21) | 2009 (WrestleMania 25) | 2010 (World Heavyweight Championship) | +4 others Kane
96%
2009 (WrestleMania 25) | 2010 (World Heavyweight Championship) | 2010 (WrestleMania XXVI) | +4 others Kofi Kingston
96%
2007 (WrestleMania 23) | 2010 (WWE Championship) | 2013 (WWE Championship) | +2 others Randy Orton
96%
2006 (WrestleMania 22) Ric Flair
96%
2006 (WrestleMania 22) | 2013 (WWE Championship) | 2014 (WWE World Heavyweight Championship) Winner Rob Van Dam
96%
2010 (WWE Championship) | 2011 (WWE Championship) | 2012 (WWE Championship) | 2018 (Men's) Winner The Miz
96%
2019 (Women's) | 2023 (Women's) Winner Bayley
91%
2010 (World Heavyweight Championship) | 2012 (WWE Championship) Big Show
91%
2013 (World Heavyweight Championship) | 2014 (WWE World Heavyweight Championship) | 2016 (WWE World Heavyweight Championship) Dean Ambrose
91%
2005 (WrestleMania 21) | 2007 (WrestleMania 23) | 2010 (WWE Championship) Winner Edge
91%
2011 (WWE Championship) | 2020 (Men's) Rey Mysterio
91%
2022 (Men's) Seth "Freakin" Rollins
91%
2014 (WWE World Heavyweight Championship) | 2021 (Men's) | 2025 (Men's) Winner Seth Rollins
91%
2018 (Women's) | 2021 (Women's) | 2022 (Women's) Winner Alexa Bliss
87%
2025 (Women's) Alex Bliss
87%
2019 (Men's) Winner Brock Lesnar
87%
2010 (World Heavyweight Championship) | 2011 (World Heavyweight Championship) | 2012 (World Heavyweight Championship) | 2013 (World Heavyweight Championship) Cody Rhodes
87%
2011 (World Heavyweight Championship) | 2013 (WWE Championship) | 2020 (Men's) Winner Daniel Bryan
87%
2006 (WrestleMania 22) | 2007 (WrestleMania 23) | 2010 (World Heavyweight Championship) | 2010 (WrestleMania XXVI) Matt Hardy
87%
2018 (Women's) Sasha Banks
87%
2011 (World Heavyweight Championship) | 2013 (WWE Championship) | 2015 (WWE World Heavyweight Championship) | 2022 (Men's) Sheamus
87%
2017 (WWE Championship) | 2020 (Men's) AJ Styles
83%
2020 (Women's) | 2021 (Women's) | 2022 (Women's) Winner Asuka
83%
2005 (WrestleMania 21) | 2008 (WrestleMania XXIV) | 2010 (WWE Championship) | +2 others Chris Jericho
83%
2005 (WrestleMania 21) | 2009 (WrestleMania 25) | 2010 (World Heavyweight Championship) | +3 others Christian
83%
2010 (World Heavyweight Championship) | 2010 (WrestleMania XXVI) | 2012 (World Heavyweight Championship) | +3 others Dolph Ziggler
83%
2007 (WrestleMania 23) Jeff Hardy
83%
2007 (WrestleMania 23) | 2008 (WrestleMania XXIV) Winner Mr. Kennedy
83%
2023 (Men's) Winner Damian Priest
78%
2010 (World Heavyweight Championship) | 2010 (WrestleMania XXVI) | 2021 (Men's) | +2 others Drew McIntyre
78%
2018 (Men's) | 2019 (Men's) Finn Balor
78%
2016 (WWE World Heavyweight Championship) | 2017 (WWE Championship) | 2018 (Men's) | 2021 (Men's) Kevin Owens
78%
2021 (Women's) | 2022 (Women's) Liv Morgan
78%
2009 (WrestleMania 25) | 2010 (WWE Championship) Mark Henry
78%
2020 (Men's) Winner Otis
78%
2025 (Women's) Rhea Ripley
78%
2015 (WWE World Heavyweight Championship) Roman Reigns
78%
2016 (WWE World Heavyweight Championship) | 2017 (WWE Championship) | 2022 (Men's) Sami Zayn
78%
2005 (WrestleMania 21) | 2006 (WrestleMania 22) | 2008 (WrestleMania XXIV) | +2 others Shelton Benjamin
78%
2011 (WWE Championship) | 2016 (WWE World Heavyweight Championship) Winner Alberto Del Rio
74%
2013 (World Heavyweight Championship) Antonio Cesaro
74%
2017 (WWE SmackDown Women's Championship Redux) | 2017 (WWE SmackDown Women's Championship) | 2019 (Women's) | 2020 (Women's) Winner Carmella
74%
2005 (WrestleMania 21) Chris Benoit
74%
2006 (WrestleMania 22) | 2007 (WrestleMania 23) | 2009 (WrestleMania 25) Finlay
74%
2008 (WrestleMania XXIV) | 2010 (WWE Championship) | 2021 (Men's) John Morrison
74%
2018 (Women's) | 2019 (Women's) | 2021 (Women's) | +2 others Naomi
74%
2017 (WWE SmackDown Women's Championship Redux) | 2017 (WWE SmackDown Women's Championship) | 2018 (Women's) | +2 others Natalya
74%
2020 (Women's) Nia Jax
74%
2017 (WWE Championship) | 2019 (Men's) Winner Baron Corbin
70%
2016 (WWE World Heavyweight Championship) Cesaro
70%
2012 (World Heavyweight Championship) | 2013 (World Heavyweight Championship) Damien Sandow
70%
2010 (WrestleMania XXVI) | 2011 (WWE Championship) | 2013 (World Heavyweight Championship) | 2014 (WWE World Heavyweight Championship) Winner Jack Swagger
70%
2024 (Men's) Jey Uso
70%
2020 (Men's) King Corbin
70%
2023 (Men's) | 2024 (Men's) | 2025 (Men's) LA Knight
70%
2024 (Women's) Winner Tiffany Stratton
70%
2020 (Men's) Aleister Black
65%
2022 (Men's) Winner Theory
65%
2019 (Men's) Ali
61%
2018 (Men's) Winner Braun Strowman
61%
2010 (WWE Championship) | 2010 (WrestleMania XXVI) | 2011 (WWE Championship) Evan Bourne
61%
2023 (Women's) | 2024 (Women's) Winner Iyo Sky
61%
2021 (Men's) King Nakamura
61%
2025 (Women's) Roxanne Perez
61%
2017 (WWE Championship) | 2023 (Men's) Shinsuke Nakamura
61%
2011 (World Heavyweight Championship) | 2012 (World Heavyweight Championship) Sin Cara
61%
2006 (WrestleMania 22) Bobby Lashley
57%
2018 (Men's) Bobby Roode
52%
2024 (Women's) Chelsea Green
52%
2011 (World Heavyweight Championship) Justin Gabriel
52%
2019 (Women's) Mandy Rose
52%
2010 (WWE Championship) Ted DiBiase
52%
2011 (World Heavyweight Championship) | 2013 (World Heavyweight Championship) Wade Barrett
52%
2008 (WrestleMania XXIV) Carlito
48%
2011 (World Heavyweight Championship) Heath Slater
48%
2007 (WrestleMania 23) King Booker
48%
2021 (Women's) Winner Nikki A.S.H.
48%
2019 (Women's) Nikki Cross
48%
2025 (Men's) Penta
48%
2022 (Women's) Raquel Rodriguez
48%
2019 (Men's) | 2021 (Men's) | 2023 (Men's) Ricochet
48%
2021 (Men's) | 2022 (Men's) Riddle
48%
2011 (WWE Championship) R-Truth
48%
2020 (Women's) Shayne Baszler
48%
2019 (Men's) | 2024 (Men's) Andrade
43%
2024 (Men's) Chad Gable
43%
2023 (Men's) Logan Paul
43%
2018 (Men's) Rusev
43%
2012 (World Heavyweight Championship) Santino Marella
43%
2025 (Men's) Solo Sikoa
43%
2011 (WWE Championship) Alex Riley
39%
2020 (Women's) | 2022 (Women's) Lacey Evans
39%
2008 (WrestleMania XXIV) | 2009 (WrestleMania 25) | 2010 (WrestleMania XXVI) Montel Vontavious Porter
39%
2015 (WWE World Heavyweight Championship) Neville
39%
2017 (WWE SmackDown Women's Championship Redux) | 2017 (WWE SmackDown Women's Championship) | 2021 (Women's) Tamina
39%
2019 (Women's) | 2020 (Women's) Dana Brooke
35%
2023 (Women's) Trish Stratus
35%
2023 (Men's) Butch
30%
2024 (Men's) Carmelo Hayes
30%
2025 (Women's) Giulia
30%
2024 (Women's) Lyra Valkyria
30%
2022 (Men's) Omos
30%
2025 (Women's) Stephanie Vaquer
30%
2012 (World Heavyweight Championship) Tyson Kidd
30%
2023 (Women's) | 2024 (Women's) Zoey Stark
30%
2018 (Men's) Samoa Joe
26%
2012 (World Heavyweight Championship) Tensai
26%
2018 (Women's) | 2019 (Women's) Ember Moon
22%
2013 (World Heavyweight Championship) Fandango
22%
2018 (Women's) Lana
22%
2023 (Men's) Santos Escobar
22%
2021 (Women's) | 2023 (Women's) Zelina Vega
22%
2025 (Men's) El Grande Americano
17%
2022 (Men's) Madcap Moss
17%
2022 (Women's) Shotzi
9%
2019 (Men's) Drew McIntrye
0%
No matching quizzes found
Score Distribution
Percent of People with Each Score
Percentile by Number Answered
Your Score History
You have not taken this quiz